00285nam a2200121Ia 4500008004100000100002300041245003600064260001800100300000800118650001300126942000700139999001700146190216s9999||||xx |||||||||||||| ||und|| aM T Vasudevan Nair 0aM T Yude Thiranjedutha Kathakal bCurrent Books a702 aKathakal cBK c27576d27576